| 000 | 00662nam a22002177a 4500 | ||
|---|---|---|---|
| 005 | 20141103153218.0 | ||
| 010 | _aENG-111102 | ||
| 020 |
_c795.00 _a9788120350595 |
||
| 035 | _aEN-94634 | ||
| 037 | _bDBAD/PUB | ||
| 082 | _a 658.8342 | ||
| 100 | _aSolomon, Michael R. | ||
| 245 |
_aConsumer behavior : _cby Michael R. Solomon _bbuying, having and being / |
||
| 250 | _a11th ed | ||
| 260 |
_aDelhi _bPHI Learning _c2015 |
||
| 270 |
_bDelhi _e110092 _aRimjhim House, 111, Patparganj Industrial Estate |
||
| 300 |
_axxii,582p. _c28cm(pbk) |
||
| 500 | _aIncludes index | ||
| 650 | _aConsumer behavior. | ||
| 942 |
_2ddc _cEN _mSOL _h 658.8342 |
||
| 999 |
_c89757 _d89757 |
||